La página editorial /

Obra acerca de la página editorial del periódico y la página que generalmente va en el lugar opuesto, dedicada a las cartas de los lectores, escrita por colaboradores del diario norteamericano The Washington Post. Los autores exponen la perspectiva de esta publicación sobre el papel de las páginas e...

Ful tanımlama

Kaydedildi:
Detaylı Bibliyografya
Müşterek Yazar: The Washington Post
Materyal Türü: Kitap
Dil:İspanyolca
Baskı/Yayın Bilgisi: México : Gernika, 1978, c1978
Seri Bilgileri:(Biblioteca del Periodista ; 3)
Konular:
Etiketler: Etiketle
Etiket eklenmemiş, İlk siz ekleyin!

MARC

LEADER 00000nam^a2200000^a^4500
001 000000458
005 20250521000000.0
009 20260310083028.146
037 |a Acervo ITESO - Biblioteca 
041 |a ESP 
082 |a 302. 231  |b BIB V. 3 
240 1 1 |a [Biblioteca del periodista] 
245 0 3 |a La página editorial /  |c The Washington Post ; pref. de: Katharine Graham ; tr. por Gerardo Bocco. 
264 4 |a México :  |b Gernika,  |c 1978, c1978 
300 |a 169 p. 
336 |a texto  |b txt  |2 rdacontenido 
337 |a sin mediación  |b n  |2 rdamedio 
338 |a volumen  |b nc  |2 rdasoporte 
440 1 |a (Biblioteca del Periodista ;  |v 3) 
500 |a Traducción de: The Editorial Page 
520 |a Obra acerca de la página editorial del periódico y la página que generalmente va en el lugar opuesto, dedicada a las cartas de los lectores, escrita por colaboradores del diario norteamericano The Washington Post. Los autores exponen la perspectiva de esta publicación sobre el papel de las páginas editoriales, cómo se desempeña ese papel y cómo se define una política editorial. 
649 |a XX 
650 |a Editorial 
650 |a Géneros Periodísticos 
650 |a Prensa 
650 |a Medios Impresos 
650 |a Medios de Comunicación 
650 |a Comunicación Masiva 
710 |a The Washington Post 
910 |a Fondo General 
920 |a Impresos - Libros 
930 |a Colección General 
905 |a 101 
901 |a 0004580100  |b IT1  |c ACC  |i 000458  |u 20250521 
902 |a https://opac.biblio.iteso.mx/vufind/Record/000000458